Obálka Náhled e-knihy:
PDF
Pro půjčování e-knih musíte být přihlášeni.
Jak si půjčit online?

Ľadové kráľovstvo : 2 nové príbehy /

Dva nové příběhy z Ledového království, ve kterých se Olaf zamiluje do knihy o bájných jednorožcích a společně se Svenem vystrojí královskou slavnost.

Uloženo v:
Korporativní autor: Disney Storybook Artists (Ilustrátor)
Další autoři: Koscelníková, Mária (Překladatel), Francis, Suzanne., Edwards, John.
Médium: E-kniha
Jazyk:Slovak
Vydáno: V Prahe : Egmont, 2022
Vydání:Prvé vydanie
Edice:Disney. Ľadové kráľovstvo
Témata:
Tagy:
Žádné tagy
LEADER 02328nam a2200541 i 4500
001 311502
003 CZ PrSKC
005 20260601215706.0
007 ta
008 220207s2022 xr a b 000 j slo
015 |a cnb003394191 
020 |a 9788025251089  |q (vázáno) 
035 |a (OCoLC)1310113696 
040 |a ABG001  |b cze  |d ABA001  |e rda 
041 1 |a slo  |h eng 
072 7 |a 821-93  |x Literatura pro děti a mládež (beletrie)  |2 Konspekt 
080 |a 821-32  |2 MRF 
080 |a 821-93  |2 MRF 
080 |a (0:82-32)  |2 MRF 
245 0 0 |a Ľadové kráľovstvo :  |b 2 nové príbehy /  |c preklad Mária Koscelníková 
250 |a Prvé vydanie 
264 1 |a V Prahe :  |b Egmont,  |c 2022 
300 |a 48 stran :  |b barevné ilustrace ;  |c 30 cm 
336 |a text  |b txt  |2 rdacontent 
336 |a statický obraz  |b sti  |2 rdacontent 
337 |a bez média  |b n  |2 rdamedia 
338 |a svazek  |b nc  |2 rdacarrier 
490 1 |a Disney. Ľadové kráľovstvo 
500 |a Název z obálky 
500 |a Přeloženo z angličtiny 
505 0 0 |t Jednorožec pre Olafa /  |r [Suzanne Francis] --  |t Prekvapenie na mieru /  |r napísal: John Edwards ; ilustrácie: Disney Storybook Art Team 
520 2 |a Dva nové příběhy z Ledového království, ve kterých se Olaf zamiluje do knihy o bájných jednorožcích a společně se Svenem vystrojí královskou slavnost. 
521 8 |a Pro děti od 5 let 
655 7 |a příběhy  |7 fd133204  |2 czenas 
655 7 |a publikace pro děti  |7 fd133156  |2 czenas 
655 9 |a stories  |2 eczenas 
655 9 |a children's literature  |2 eczenas 
700 1 |a Koscelníková, Mária  |7 xx0237750  |4 trl 
700 1 2 |a Francis, Suzanne.  |t Unicorn for Olaf.  |l Slovensky 
700 1 2 |a Edwards, John.  |t Tailor-made surprise.  |l Slovensky 
710 2 |a Disney Storybook Artists  |7 mzk2009490531  |4 ill 
830 0 |a Disney.  |p Ľadové kráľovstvo 
900 |a ABA001  |b 20 
928 9 |a Albatros Media - Egmont 
044 |a xr 
910 |a RBIT002 
998 |d 345657  |a https://core.palmknihy.cz/api/books/345657/cover?seqgon  |b https://core.palmknihy.cz/api/books/345657/cover/400?seqgon  |c https://core.palmknihy.cz/api/books/345657/cover/50?seqgon  |e 2026-12-31  |g 48  |i 9788025251089  |k https://core.palmknihy.cz/api/books/345657/preview.pdf  |l   |q 49  |r 1  |s https://www.palmknihy.cz/kniha/345657  |t ebook  |y 2022  |z 0 
999 |d 311500